| 000 | 00523nam a2200169Ia 4500 | ||
|---|---|---|---|
| 008 | 090201s9999 xx 000 0 und d | ||
| 010 | _aKPL-27842 | ||
| 040 | _bमराठी | ||
| 041 | _aमराठी | ||
| 082 |
_a27048 _b27842 |
||
| 100 | _aचि वि जोशी | ||
| 245 |
_aचिमणरावांचे चऱ्हाट _cचि वि जोशी |
||
| 260 |
_c2004 _bअबक |
||
| 300 |
_a0 _bमोठा |
||
| 600 | _aचिमणरावांचे चऱ्हाट | ||
| 942 | _cBOOK | ||
| 999 |
_c226009 _d226009 |
||